<?xml version="1.0" encoding="UTF-8"?>
<collection xmlns="http://www.loc.gov/MARC21/slim">
 <record>
  <leader>02109nam a22002777a 4500</leader>
  <controlfield tag="001">NCT_46088</controlfield>
  <controlfield tag="008">180712b        xxu||||| |||| 00| 0 vie d</controlfield>
  <datafield tag="999" ind1=" " ind2=" ">
   <subfield code="c">2206</subfield>
   <subfield code="d">2206</subfield>
  </datafield>
  <datafield tag="020" ind1=" " ind2=" ">
   <subfield code="c">60.500</subfield>
  </datafield>
  <datafield tag="082" ind1="0" ind2="4">
   <subfield code="2">23rd ed.</subfield>
   <subfield code="a">613.2</subfield>
   <subfield code="b">Kh121</subfield>
  </datafield>
  <datafield tag="100" ind1="1" ind2=" ">
   <subfield code="a">Nguyễn Công Khẩn</subfield>
   <subfield code="e">chủ biên</subfield>
  </datafield>
  <datafield tag="245" ind1="1" ind2="0">
   <subfield code="a">Dinh dưỡng cộng đồng và an toàn vệ sinh thực phẩm:</subfield>
   <subfield code="b">(Dùng cho đào tạo cử nhân y tế công cộng)</subfield>
   <subfield code="c">Nguyễn Công Khẩn (chủ biên) ; Hà Thị Anh Đào, Trần Đáng (biên soạn) ...[et al.]</subfield>
  </datafield>
  <datafield tag="260" ind1=" " ind2=" ">
   <subfield code="a">H.</subfield>
   <subfield code="b">Giáo dục</subfield>
   <subfield code="c">2008</subfield>
  </datafield>
  <datafield tag="300" ind1=" " ind2=" ">
   <subfield code="a">375 tr.</subfield>
   <subfield code="c">27cm</subfield>
  </datafield>
  <datafield tag="500" ind1=" " ind2=" ">
   <subfield code="a">ĐTTS ghi: Bộ y tế</subfield>
  </datafield>
  <datafield tag="520" ind1="3" ind2=" ">
   <subfield code="a">Nội dung quyển sách trình bày về dinh dưỡng học cơ bản, các phương pháp đánh giá và theo dõi tình trạng dinh dưỡng. dinh dưỡng và sức khỏe cộng động, can thiệp và chính sách dinh dưỡng, ô nhiễm, ngộ độc thực phẩm các phương pháp bảo quản thực phẩm, quản lý an toàn vệ sinh thực phẩm</subfield>
  </datafield>
  <datafield tag="653" ind1=" " ind2=" ">
   <subfield code="a">Y đa khoa</subfield>
  </datafield>
  <datafield tag="700" ind1="1" ind2=" ">
   <subfield code="a">Hà Thị Anh Đào</subfield>
   <subfield code="e">Biên soạn</subfield>
  </datafield>
  <datafield tag="700" ind1="1" ind2=" ">
   <subfield code="a">Trần Đáng</subfield>
   <subfield code="e">Biên soạn</subfield>
  </datafield>
  <datafield tag="942" ind1=" " ind2=" ">
   <subfield code="2">ddc</subfield>
   <subfield code="c">BK</subfield>
  </datafield>
  <datafield tag="952" ind1=" " ind2=" ">
   <subfield code="0">0</subfield>
   <subfield code="1">0</subfield>
   <subfield code="2">ddc</subfield>
   <subfield code="4">0</subfield>
   <subfield code="6">613_200000000000000_KH121</subfield>
   <subfield code="7">0</subfield>
   <subfield code="9">12586</subfield>
   <subfield code="a">000001</subfield>
   <subfield code="b">000001</subfield>
   <subfield code="d">2018-07-12</subfield>
   <subfield code="l">1</subfield>
   <subfield code="o">613.2 Kh121</subfield>
   <subfield code="p">MD.12600</subfield>
   <subfield code="r">2020-01-14</subfield>
   <subfield code="s">2020-01-13</subfield>
   <subfield code="v">60.50</subfield>
   <subfield code="w">2018-07-12</subfield>
   <subfield code="y">BK</subfield>
  </datafield>
  <datafield tag="952" ind1=" " ind2=" ">
   <subfield code="0">0</subfield>
   <subfield code="1">0</subfield>
   <subfield code="2">ddc</subfield>
   <subfield code="4">0</subfield>
   <subfield code="6">613_200000000000000_KH121</subfield>
   <subfield code="7">0</subfield>
   <subfield code="9">12587</subfield>
   <subfield code="a">000001</subfield>
   <subfield code="b">000001</subfield>
   <subfield code="d">2018-07-12</subfield>
   <subfield code="o">613.2 Kh121</subfield>
   <subfield code="p">MD.12601</subfield>
   <subfield code="r">2018-07-12</subfield>
   <subfield code="v">60.50</subfield>
   <subfield code="w">2018-07-12</subfield>
   <subfield code="y">BK</subfield>
  </datafield>
  <datafield tag="952" ind1=" " ind2=" ">
   <subfield code="0">0</subfield>
   <subfield code="1">0</subfield>
   <subfield code="2">ddc</subfield>
   <subfield code="4">0</subfield>
   <subfield code="6">613_200000000000000_KH121</subfield>
   <subfield code="7">0</subfield>
   <subfield code="9">12588</subfield>
   <subfield code="a">000001</subfield>
   <subfield code="b">000001</subfield>
   <subfield code="d">2018-07-12</subfield>
   <subfield code="l">1</subfield>
   <subfield code="o">613.2 Kh121</subfield>
   <subfield code="p">MD.12602</subfield>
   <subfield code="r">2019-11-18</subfield>
   <subfield code="s">2019-11-09</subfield>
   <subfield code="v">60.50</subfield>
   <subfield code="w">2018-07-12</subfield>
   <subfield code="y">BK</subfield>
  </datafield>
  <datafield tag="952" ind1=" " ind2=" ">
   <subfield code="0">0</subfield>
   <subfield code="1">0</subfield>
   <subfield code="2">ddc</subfield>
   <subfield code="4">0</subfield>
   <subfield code="6">613_200000000000000_KH121</subfield>
   <subfield code="7">0</subfield>
   <subfield code="9">12589</subfield>
   <subfield code="a">000001</subfield>
   <subfield code="b">000001</subfield>
   <subfield code="d">2018-07-12</subfield>
   <subfield code="o">613.2 Kh121</subfield>
   <subfield code="p">MD.12603</subfield>
   <subfield code="r">2018-07-12</subfield>
   <subfield code="v">60.50</subfield>
   <subfield code="w">2018-07-12</subfield>
   <subfield code="y">BK</subfield>
  </datafield>
  <datafield tag="952" ind1=" " ind2=" ">
   <subfield code="0">0</subfield>
   <subfield code="1">0</subfield>
   <subfield code="2">ddc</subfield>
   <subfield code="4">0</subfield>
   <subfield code="6">613_200000000000000_KH121</subfield>
   <subfield code="7">0</subfield>
   <subfield code="9">12590</subfield>
   <subfield code="a">000001</subfield>
   <subfield code="b">000001</subfield>
   <subfield code="d">2018-07-12</subfield>
   <subfield code="o">613.2 Kh121</subfield>
   <subfield code="p">MD.12604</subfield>
   <subfield code="r">2018-07-12</subfield>
   <subfield code="v">60.50</subfield>
   <subfield code="w">2018-07-12</subfield>
   <subfield code="y">BK</subfield>
  </datafield>
  <datafield tag="980" ind1=" " ind2=" ">
   <subfield code="a">Thư viện Trường Đại học Nam Cần Thơ</subfield>
  </datafield>
 </record>
</collection>
